000 01336nam a22001457a 4500
999 _c524877
_d524877
008 240124b ||||| |||| 00| 0 eng d
100 _aKumar, Sachin
_948258
245 _aSpatial pattern of crimes in Haryana: A geographical analysis
260 _aThe Indian Police Journal
300 _a69(2), Apr-Jun, 2022: p.106-120
520 _aCrime is an unpredictable occurrence that causes social harm. In India, Crime is a major source of concern for the authorities. The crime rate is rising in Haryana as the population grows, and different social, economic, and political changes in community in a variety of ways. As a result, crime analysis is critical for gaining a better knowledge of the elements that influence crime in both positive and bad ways. This study used Z-score and composite index to examine the crimes incidences across districts so that it can assist police authorities in more effectively preventing crime. The information on the crimes was gathered from the National Crime Record Bureau’s website (NCRB). These findings aid in the discovery of fresh information that may be used to improve crime prevention tactics. – Reproduced https://bprd.nic.in/WriteReadData/userfiles/file/202309260501129197672April-June,2022(F).pdf
773 _aThe Indian Police Journal
906 _aCRIMES
942 _cAR